ბათუმის შოთა რუსთაველის სახელმწიფო უნივერსიტეტის ბიბლიოთეკა

სუბტროპიკულ მცენარეთა გენეტიკა. (ბიბ.ჩანაწერი № 44642)

000 -LEADER
fixed length control field 00855nam a2200217Ia 4500
001 - CONTROL NUMBER
control field 11445
003 - CONTROL NUMBER IDENTIFIER
control field GE_BSU
008 - FIXED-LENGTH DATA ELEMENTS--GENERAL INFORMATION
fixed length control field 181216s||||||||xx |||||||||||||| ||und||
040 ## - CATALOGING SOURCE
Transcribing agency GE_BSU
080 ## - UNIVERSAL DECIMAL CLASSIFICATION NUMBER
Universal Decimal Classification number 634.575
100 ## - MAIN ENTRY--PERSONAL NAME
Personal name სანიკიძე,ჯულიეტა.
245 ## - TITLE STATEMENT
Title სუბტროპიკულ მცენარეთა გენეტიკა.
245 ## - TITLE STATEMENT
Remainder of title ლაბორატორიული მეცადინეობების სახელმძღვანელო.
245 ## - TITLE STATEMENT
Statement of responsibility, etc. რედ:ა.მიქელაძე.
260 ## - PUBLICATION, DISTRIBUTION, ETC.
Place of publication, distribution, etc. ქუთაისი.
260 ## - PUBLICATION, DISTRIBUTION, ETC.
Name of publisher, distributor, etc. შპს ქუთაისის №6 სტამბა.
260 ## - PUBLICATION, DISTRIBUTION, ETC.
Date of publication, distribution, etc. 2001.
300 ## - PHYSICAL DESCRIPTION
Extent 138გვ;20სმ.
653 ## - INDEX TERM--UNCONTROLLED
Uncontrolled term სუბტროპიკულ მცენარეთა გენეტიკა.
942 ## - ADDED ENTRY ELEMENTS (KOHA)
Koha item type წიგნი
ეგზემპლარები
Withdrawn status Lost status Damaged status Not for loan Date acquired Barcode Date last seen Price effective from Koha item type
        2018-12-17 20281 2018-12-17 2018-12-17 წიგნი